000 00443nam a2200169Ia 4500
008 230524s9999 xx 000 0 und d
020 _a9788131725306
082 _a5.133
_bANG
100 _aEdward Angel
245 0 _a"Interactive Computer Graphics: A Top-Down Approach Using OpenGL,"
250 _a5TH
260 _aNEW DELHI
_bPearson
_c2009
300 _aXXIX;828
500 _aQuantity Number: 30
650 _aComp-Sc
942 _cBK
999 _c47455
_d47455